| 000 | 00499nam a22001697a 4500 | ||
|---|---|---|---|
| 005 | 20240404143903.0 | ||
| 010 | _aENG-140037 | ||
| 020 | _c180.00 | ||
| 035 | _aEN-123569 | ||
| 037 | _bDBAD | ||
| 100 |
_aShrinivasan, Su _964304 |
||
| 245 |
_aAyyanu's Book of Objective English/ _cSu.Shrinivasan |
||
| 260 |
_aChennai _bAKS Books World _c2015 |
||
| 270 |
_a8(Old No-38-B)Srinivasan Street T.Nagar _bChennai _e600049 |
||
| 300 |
_a240P. _c22 c.m(pb) |
||
| 942 |
_2ddc _cEN _h485 _mSHR |
||
| 999 |
_c201929 _d201929 |
||